000 003020000a22001450004500
003 MACL
040 _aMACL
090 _c8680
_d8679
100 _aChakravarti, Shyamalkanti
245 _aThe Bamiyan Buddhas
260 _bPritonia
_cReligion
350 _a100
650 _aReligion
942 _cBOOK
_k294
999 _c8626
_d8626